000 01114cam a22002771i 4500
003 SA-RiAUC
005 20240916141900.0
008 240912s1998 su a g i000r0 ara c
040 _aSA-RiAUC
_bara
_cSA-RiAUC
_erda
082 0 4 _a332.1221
090 _a332.1221
_bا ق ب
100 1 _aإقبال، منور،
_d1950-
_eمؤلف.
245 1 2 _aالتحديات التي تواجه العمل المصرفي الإسلامي /
_cمنور إقبال، أوصاف أحمد، طارق الله خان.
250 _aالطبعة الاولى
264 1 _aجدة، السعودية :
_bالبنك الإسلامي للتنمية،
_c[1998]
300 _a104 صفحة :
_bإيضاحيات ؛
_c24 سم.
336 _aنص
_btxt
_2rdacontent
_3كتاب
337 _aبدون وسيط
_bn
_2rdamedia
338 _aمجلد
_bnc
_2rdacarrier
490 0 _aورقة عرضية ؛
_v2
650 7 _aالبنوك الإسلامية
_2aucsh
700 1 _aأحمد، أوصاف
_eمؤلف.
700 _aخان، طارق الله،
_d1954-
_eمؤلف.
942 _2ddc
_cBOOK
949 _aSA-JeALM
_d240912
_umohamedma123
_n1
999 _c301
_d301